Classic Musicals: The Wizard of Oz - Statistics

General Stats
  • This quiz has been taken 57 times
  • The average score is 6 of 15
Answer Stats
Hint Answer % Correct
Dorothy melts the Wicked Witch of the West. What falls on the Wicked Witch of the East to kill her? A Farmhouse
84%
What does the Wizard ask the friends to retrieve in order for him to grant their requests? The Wicked Witch's Broomstick
79%
"Somewhere over the rainbow" what "fly," according to the song lyric? Bluebirds
74%
The Wicked Witch attempts to stop the friends by enchanting what type of flowers? Poppies
70%
Dorothy asks the Ozian beauticians, "Can you even dye my" what "to match my gown?" Eyes
63%
What injury does Miss Gulch sustain in the initial Kansas part? A Dog Bite
56%
What song was omitted in the 1939 movie, resulting in its biggest plot hole, when the Wicked Witch tells the Flying Monkeys, "I've sent a little insect on ahead to take the fight out of them," but this never happened? The Jitterbug
40%
The Wicked Witch (once dead) has "gone where the" what "go," according to the song lyric? Goblins
33%
Name the farmhand who advises Dorothy to "stroll right up to [Miss Gulch] and spit in her eye." Zeke
28%
What is Miss Gulch's first name? Almira
23%
What term does Dorothy use to describe the Wizard when she finds out who he really is? Humbug
19%
The Wicked Witch exclaims, "There is nothing more depressing than boundless" what, creating a sort of oxymoron? Optimism
12%
What does the Wizard claim that the "good-deed-doers" of Earth have that the Tinman does not? A Testimonial
9%
When Dorothy wakes up in Kansas and first sees Hunk, she exclaims that he has lost all his what? Stuffing
9%
Name either of the skills that Professor Marvel's sign claims he can perform (aside from fortune telling)? Juggling | Sleight-of-hand
7%
No matching quizzes found
Score Distribution
Percent of People with Each Score
Percentile by Number Answered
Your Score History
You have not taken this quiz